Schreckliche Kapitel der deutschen Geschichte - Statistiken

Allgemein
  • Dieses Quiz wurde 518 mal gespielt
    77 seit der letzten Aktualisierung
  • Das Durchschnittsergebnis liegt bei 13 aus 20
Antwortstatistiken
Hinweis Antwort % Korrekt
Während der Olympischen Spiele 1972 werden in dieser Stadt Israelis entführt und getötet München
92%
Diese Krankheit hat sich ab 1347 in Deutschland verbreitet und viele getötet Schwarzer Tod
92%
Dieser gescheiterte Künstler wird zum Reichskanzler des Deutschen Reiches ernannt Adolf Hitler
90%
Viele Deutsche werden wegen Kriegsverbrechen in dieser Stadt verurteilt, die zuvorfür Naziversammlungen genutzt wurde Nürnberg
90%
Deutschland überfällt 1941 dieses Land Sowjetunion
90%
Dieser Zeppelin fängt in New Jersey Feuer Hindenburg
85%
Deutschland provoziert dieses neutrale Land zum Eintritt in den Ersten Weltkrieg, indem es ihm ein Militärbündnis mit Mexiko schließt Vereinigte Staaten
79%
Die Dieselautos dieses Unternehmens konnten die Abgastests nicht bestehen - also betrügen sie Volkswagen
79%
21 Menschen sterben (und 500 werden verletzt) bei einer Massenpanik auf diesem Festival für elektronische Musik {Love} Parade
76%
Dieser Franzose zwingt die deutschen Fürstentümer, sich zum „Rheinbund“ zusammen zuschließen Napoleon Bonaparte
76%
Soviele Jahre sollte das Reich laut den Nazis halten (Tipp: Es hielt nicht solange) 1,000
73%
Diese Aspirin-Firma heuert Nazi-Kriegsverbrecher an, verkauft HIV-infiziertes Blut und vermarktet Heroin als Hustenmittel Bayer
62%
Diese Verschlüsselungsmaschine aus dem Zweiten Weltkrieg wird von britischen und polnischen Codeknackern geknackt Enigma
62%
Über 600 deutsche Frauen werden an diesem Feiertag im Jahr 2015 von Migranten sexuell belästigt und es werden insgesamt 1200 Anzeigen über verschiedene Delikte erstattet. In den deutschen Medien wird darüber zunächst nicht berichtet Neujahr
45%
Es gibt keine schnelle Reaktion auf diese Invasion, weil niemand den Führer aufwecken wollte D-Day
41%
Dieses Land stiehlt während des Ersten Weltkriegs die deutschen Kolonien in Ozeanien Japan
39%
Während des Zweiten Weltkriegs vergeudete Deutschland Unmengen von Geld für diese ballistischen Raketen. V-2
39%
Das deutsche Duo, berühmt für „Girl You Know its True“, wurde 1989 wegen Lippensynchronisation verhaftet Milli Vanilli
32%
Diese Stadt wird im 30-jährigen Krieg total zerstört. Das Ereignis ist als "...-er Hochzeit" bekannt Magdeburg
13%
In ihrer Verzweiflung, in den US-Markt einzutreten, leiht die Deutsche Bank diesem Amerikaner Geld nachdem keine andere Bank ihn Geld lieh Donald Trump
7%
Keine übereinstimmenden Quizze gefunden
Verteilung der Resultate
Anzahl Personen mit jedem Resultat
Perzentil nach korrekt beantworteten Fragen
Ihre Resultats-Entwicklung
Sie haben dieses Quiz seit der letzten Aktualisierung nicht gespielt